Art du XXeme Oeuvres - Statistiques

Statistiques générales
  • Ce quiz a été pris 63 fois
  • Le résultat moyen est 2 sur 30
Statistiques - réponses
Par images Hint Réponse % Correct
Nom Carré blanc sur fond blanc
100%
Nom Centre Pompidou
100%
Nom Fontaine
100%
Nom La Trahison des images
100%
Nom Les Demoiselles d'Avignon
100%
Nom Dyptique Marilyn
50%
Nom ABCD
0%
Nom Alexej von Jawlensky et Marianne von Werefkin
0%
Nom Allégorie
0%
Nom Anatomie, Jeune Mariée
0%
Nom André Derain
0%
Nom André Derain
0%
Nom Apollinaire et ses amis
0%
Nom Architectonique picturale
0%
Nom Au temps d'Harmonie
0%
Nom Avec l'Arc noir
0%
Nom Baigneuses
0%
Nom Bataille de Bouvines
0%
Nom Bataille de Poissons
0%
Nom Battez les Blancs avec le Triangle rouge
0%
Nom Bed
0%
Nom Big Red
0%
Nom Black Lines
0%
Nom Boule Suspendue
0%
Nom Bouteille de Beaune
0%
Nom Broken Obelisk
0%
Nom Brou de noix, sur papier
0%
Nom Bureau-Bibliothèque d'une ambassade française
0%
Nom Campbell's soup cans
0%
Nom Carré noir sur fond blanc
0%
Nom Chaise Longue
0%
Nom Chaise MR10
0%
Nom Chapelle Rothko
0%
Nom Chauffeuse Barcelona
0%
Nom Cherry/space division light piece
0%
Nom Cheval Majeur
0%
Nom Chevreuil dans le jardin du Monastère
0%
Nom Club Ouvrier
0%
Nom Club Ouvrier
0%
Nom Collection
0%
Nom Compénétration iridescente
0%
Nom Composition Dada
0%
Nom Composition en rouge, jaune, bleu, noir et gris
0%
Nom Composition n°1 avec rouge et noir
0%
Nom Composition rayonniste
0%
Nom Composition suprématiste
0%
Nom Compotier, bouteille et verre
0%
Nom Compotier et verre
0%
Nom Compression Ricard
0%
Nom Conception Synchromy
0%
Nom Contraste de formes
0%
Nom Contre construction, projet architectural (vue axonométrique)
0%
Nom Covenant/Engagement
0%
Nom Dame devant une colonne d'affiche/tableau alogique
0%
Nom Danse Bachique
0%
Nom Danse de la Sorcière/Hexentanz
0%
Nom Danseuse
0%
Nom Danseuse au collier
0%
Nom Danseuses aux bougies
0%
Nom Danseuses aux bougies
0%
Nom Dans les dunes
0%
Nom Design Textile
0%
Nom Dessin Automatique
0%
Nom Dessin Automatique
0%
Nom Dessin Merz 54/Valeurs en chute
0%
Nom Dessin pour Textile
0%
Nom Deux jeunes filles discutant
0%
Nom Disque
0%
Nom Dome sur Manhattan
0%
Nom Doru ni Idomu
0%
Nom Dynamisme des formes lumières dans l'espace
0%
Nom Dynamisme d'un chien en laisse
0%
Nom Dynamisme d'une automobile
0%
Nom Dynamisme d'un joueur de Football
0%
Nom Enterrement d'un rayon de Soleil
0%
Nom Escalade non anesthésiée
0%
Nom Esquisse de robe
0%
Nom Etude d'après le portrait d'Innocent X de Velazquez
0%
Nom Etude pour la couverture de l'Almanach "Der Blaue Reiter"
0%
Nom Evolution/Evolutie
0%
Nom Fauteuil Rouge et bleu
0%
Nom Femme au Chapeau
0%
Nom Femme aux poires
0%
Nom Femme cueillant des fleurs
0%
Nom Femme dansant
0%
Nom Fernande
0%
Nom Feuille de musique et guitare
0%
Nom Figure
0%
Nom Figure et Masque
0%
Nom Flag
0%
Nom Fluxkit
0%
Nom Formes uniques de la continuité dans l'espace
0%
Nom Franzi à la chaise sculpté
0%
Nom Franzi allongée
0%
Nom French Fries and Ketchup
0%
Nom Friedrichstrasse
0%
Nom Genesis, the Break
0%
Nom Goudron sur verre
0%
Nom Grand Nu
0%
Nom Guitare
0%
Nom Home Sweet Home
0%
Nom Hommage à Jean Sebastien Bach/Hommage à Bach
0%
Nom Hommage au Marechal Turenne
0%
Nom IKB 3
0%
Nom Il Ritornante
0%
Nom Immeuble de Michaelerplatz
0%
Nom Impression III
0%
Nom Jeune Fille à la Mandoline/Fanny Tellier
0%
Nom Jeune fille au Leica
0%
Nom Jeune Fille courant sur le balcon
0%
Nom Jeune fille debout/Caryatide
0%
Nom Jeune Finlandaise
0%
Nom Jeux de formes
0%
Nom Just What is it that makes today's homes so different, so appealing
0%
Nom Karawane
0%
Nom L'abondance
0%
Nom La Cathédrale de Chartres
0%
Nom La Danse
0%
Nom La Danse
0%
Nom La Danse II
0%
Nom La Danse II
0%
Nom La Femme aux Phlox
0%
Nom La femme lune coupe le cercle
0%
Nom La Fenêtre ouverte
0%
Nom La Forêt
0%
Nom La Forêt
0%
Nom La Gitane
0%
Nom La Grande Forêt
0%
Nom L'Air du Soir
0%
Nom La Juive
0%
Nom La Moulade
0%
Nom Lampe Kandem n°702
0%
Nom La Musique
0%
Nom la partie de Campagne
0%
Nom La Plage de Sainte-Adresse
0%
Nom La Plage Rouge (à Collioure)
0%
Nom La Prose du transsibérien et la Petite Jehanne de France
0%
Nom La Pythie
0%
Nom La Révolte
0%
Nom La Rue des Bois
0%
Nom La rue entre dans la maison
0%
Nom La Seine, la tour Eiffel, une structure suspendue
0%
Nom La Seine, la tour Eiffel, une structure suspendue
0%
Nom La Sieste
0%
Nom La Sieste
0%
Nom La Source
0%
Nom La Tour Eiffel
0%
Nom L'Aubette
0%
Nom La Vie à pleine dent
0%
Nom Le Bal Bullier
0%
Nom Le Bauhaus
0%
Nom le Bonheur de Vivre
0%
Nom Le Chateau de la Roche Guyon
0%
Nom Le cheval
0%
Nom L'écorché
0%
Nom Le Cygne n°17 groupe IX-SUW
0%
Nom Le Gouter
0%
Nom Le Guéridon
0%
Nom Le Guitariste
0%
Nom Le Massacre des Innocents
0%
Nom Le petit déjeuner
0%
Nom L'Equipe de Cardiff
0%
Nom Le Réservoir Horta de Ebro
0%
Nom Le Rossignol Chinois
0%
Nom Le Rouge à Lèvre
0%
Nom Le Rouge à Lèvre II
0%
Nom Les arbres à l'Estaque
0%
Nom Les Baigneurs
0%
Nom Les Baigneurs à Moritzburg
0%
Nom L'escalier
0%
Nom Les coteaux de Rueil
0%
Nom Les funérailles de l'anarchiste Galli
0%
Nom Les Grandes Baigneuses
0%
Nom Les Grands chevaux bleus
0%
Nom Les Joueurs de Football
0%
Nom Les Joueurs de Skat/Mutilés de guerre jouant aux cartes
0%
Nom Les Maisons à l'Estaque
0%
Nom Les Nympheas
0%
Nom Les Otages
0%
Nom Les ramasseurs de pommes de terre
0%
Nom Les Régates
0%
Nom l'Estaque
0%
Nom Les Toits de Collioure
0%
Nom Les Tours de Laon
0%
Nom Le Viaduc de l'Estaque
0%
Nom L'Homme qui marche II
0%
Nom Lion, Cheval, Dormeuse invisible
0%
Nom Little Big Painting
0%
Nom Look Mickey
0%
Nom Luxe, Calme et Volupté
0%
Nom Magazine Archigram
0%
Nom Maison Schroder
0%
Nom Maisons et Arbres
0%
Nom Maison sur la Cascade
0%
Nom Maison Tugendhat
0%
Nom Marine (la Moulade)
0%
Nom Marzella
0%
Nom Masque Dada
0%
Nom Masque Fang
0%
Nom Masques
0%
Nom Medrano II
0%
Nom MERZbau
0%
Nom Meta Matic
0%
Nom Michel Tapié soleil
0%
Nom Ministère de l'économie, de Finances et du Budget
0%
Nom Minutiae
0%
Nom M-Maybe
0%
Nom Modèle du monument à la IIIe internationale
0%
Nom Modjesko, Soprano Singer
0%
Nom Modulateur, Espace Lumière
0%
Nom Multiforms
0%
Nom Mural
0%
Nom N°3/N°13
0%
Nom N°46/noir, ocre, rouge sur rouge
0%
Nom N°7/N°11
0%
Nom Nature morte à la chaise cannée
0%
Nom New York City
0%
Nom New York City 2
0%
Nom Notre-Dame du Raincy
0%
Nom Nu à la Draperie
0%
Nom Nu Assis/La penseuse
0%
Nom Nu bleu/souvenir de biskra
0%
Nom Nu debout
0%
Nom Nu derrière un rideau
0%
Nom Nu descendant un escalier n°2
0%
Nom Nu jaune
0%
Nom Number 1
0%
Nom Number 1, 1950/Lavender Mist
0%
Nom OAS Fusillez les Plastiqueurs
0%
Nom Ornement 1
0%
Nom Paimio Chair
0%
Nom Painting to Hammer a Nail
0%
Nom Paix en Algérie
0%
Nom Panneau d'Affichage
0%
Nom Passage
0%
Nom Passing Through
0%
Nom Pavillon de l'Allemagne
0%
Nom Pavillon des USA pour l'exposition universelle de Montreal
0%
Nom Paysage à la Tour
0%
Nom Paysage près de Murnau avec Locomotive
0%
Nom Peinture
0%
Nom Peinture
0%
Nom Peinture 324x362
0%
Nom Peinture avec Pieds
0%
Nom PH-401
0%
Nom Philomène
0%
Nom Physionomie n°356
0%
Nom Place avec Ariane
0%
Nom Plug-in-City/Maximum Pressure Area
0%
Nom Pont du Transbordeur, Marseille
0%
Nom Port de Collioure
0%
Nom Port de l'Estaque
0%
Nom Port de pêche, Collioure
0%
Nom Portrait d'Ambroise Vollard
0%
Nom Portrait de Guillaume Apollinaire
0%
Nom Portrait de Jeune Fille
0%
Nom Portrait de la mère de l'Artiste
0%
Nom Portrait de Lili Brik/Knigui/Livres
0%
Nom Portrait de Marianne von Werefkin
0%
Nom Portrait de Matisse
0%
Nom Portrait de Vlaminck
0%
Nom Postsdamer Platz
0%
Nom Puberté
0%
Nom Robie House
0%
Nom Roue de Bicyclette
0%
Nom Rythme n°1
0%
Nom Rythmes colorés/(100 dessins)
0%
Nom Sanatorium Paimio
0%
Nom Sans Titre
0%
Nom Sans Titre
0%
Nom Santa Conversazione
0%
Nom Sculpture
0%
Nom Soleil, Lune, Simultané
0%
Nom Sortie des ballets russes
0%
Nom Sous les arbres
0%
Nom Soyez Mystérieuses
0%
Nom Structure cinétique
0%
Nom Study for an End of the World n°2
0%
Nom Synchromy in Orange : to form
0%
Nom Tableau Merz 32A/La cerise
0%
Nom Tapis-Maillot
0%
Nom Tapisserie Dada, composition à triangles, rectangle à partis d'anneaux
0%
Nom Terre de Sienne
0%
Nom Tête
0%
Nom Tête Dada
0%
Nom Tête de femme/Fernande
0%
Nom Tête d'otage
0%
Nom Tête IV
0%
Nom Tête mécanique/L'Esprit de notre temps
0%
Nom Théâtre des Champs-Elysées
0%
Nom the Rape of Persephone
0%
Nom The She-Wolf
0%
Nom The Stations of the Cross
0%
Nom the Syrian Bull
0%
Nom The Ten Largest n°3, Youth, Group IV
0%
Nom Tir
0%
Nom Trois Femmes
0%
Nom Udnie
0%
Nom Un anglais à Moscou/tableau alogique
0%
Nom Une Fenêtre
0%
Nom Une rue de Marly-le-Roi
0%
Nom Untitled (to Donna) 5a
0%
Nom Vase Savoy
0%
Nom Vendeur d'Allumettes
0%
Nom Vert strié Noir Rouge
0%
Nom Villa Savoye
0%
Nom Villa Steiner
0%
Nom Violon, verre, pipe et encrier
0%
Nom Vitesse abstraite + Son
0%
Nom Vitraux de Sainte-Foy de Conques
0%
Nom Walking City/Archigram n°5
0%
Nom Walking City/Elevation traversée de l'ocean
0%
Nom Water Yam
0%
Nom Woman 1
0%
Nom Woman and Bicycle
0%
Nom Xpace and the Ego
0%
Aucun quiz correspondant
Distribution des résultats
% des personnes avec chaque résultat
Percentile par nombre de réponses
Votre historique - résultats
Vous n’avez pas pris ce quiz